Diccionario ilustrado de frases célebres y citas literarias.

Sparad:
Bibliografiska uppgifter
Huvudupphovsman: Vega, Vicente (autor)
Materialtyp: Bok
Språk:engelska
Publicerad: Barcelona, España: Gustavo Gili, 1952.
Upplaga:Segunda edición.
Ämnen:
Taggar: Lägg till en tagg
Inga taggar, Lägg till första taggen!

MARC

LEADER 00000nam a22000007a 4500
003 CL-VaPUC
005 20220822114749.0
008 220729t1952 ||||| |||| 00| 0 eng d
999 |c 437776  |d 437774 
040 |c Pontificia Universidad Católica de Valparaíso 
082 |2 22  |a 808.882 VEG 1952 
100 |9 372179  |a Vega, Vicente  |e autor 
245 |a Diccionario ilustrado de frases célebres y citas literarias.  
250 |a Segunda edición.  
260 |a Barcelona, España:   |b Gustavo Gili,   |c 1952. 
300 |a 938 páginas.  
500 |a c.1 Donación Familia Prof. Alejandro Guzmán Brito. 
583 |c 20220729  |k Yessy Sthefany Diaz Vidal 
650 0 |9 874374  |a Citas literarias   |x Diccionarios  |x Español  
650 0 |9 415317  |a Frases célebres   |x Diccionarios  |x Español  
942 |2 ddc  |c BK  |n 0 
952 |0 0  |1 0  |2 ddc  |4 0  |6 808_882000000000000_VEG_1952  |7 0  |8 C_AGB  |9 585580  |a BIBDER  |b BIBDER  |d 2022-07-29  |e Donación   |i 5653567  |o 808.882 VEG 1952  |p 5653567  |r 2023-01-25  |t 1  |w 2022-07-29  |y BK_US  |k AGB